Mario Vargas Llosa, XIII Premio Internacional Menéndez Pelayo (Record no. 174967)

MARC details
000 -LEADER
campo de control de longitud fija 00792nam a2200181 i 4500
001 - NÚMERO DE CONTROL
campo de control 174967
003 - IDENTIFICADOR DE NÚMERO DE CONTROL
campo de control ES-MaACL
005 - FECHA Y HORA DE LA ÚLTIMA TRANSACCIÓN
campo de control 20250414181510.0
008 - DATOS DE LONGITUD FIJA--INFORMACIÓN GENERAL
campo de control de longitud fija 100827s1999 sp |||| |dspa d
080 ## - NÚMERO DE LA CLASIFICACIÓN DECIMAL UNIVERSAL
Número de la Clasificación Decimal Universal 821.134.2(85) Vargas Llosa, Mario 1.06(082.2)
245 00 - MENCIÓN DEL TÍTULO
Título Mario Vargas Llosa, XIII Premio Internacional Menéndez Pelayo
Resto del título : discursos pronunciados en ocasión de la entrega del XIII Premio Internacional Menéndez Pelayo a don Mario Vargas Llosa el 12 de julio de 1999 en el Palacio de la Magdalena.
260 ## - PUBLICACIÓN, DISTRIBUCIÓN, ETC.
Lugar de publicación, distribución, etc. Santander :
Nombre del editor, distribuidor, etc. UIMP,
Fecha de publicación, distribución, etc. 1999.
300 ## - DESCRIPCIÓN FÍSICA
Extensión 57 p. ;
Dimensiones 21 cm.
600 14 - PUNTO DE ACCESO ADICIONAL DE MATERIA--NOMBRE DE PERSONA
Nombre de persona Vargas Llosa, Mario,
Fechas asociadas al nombre 1936-2025-
Subdivisión de forma Homenajes
9 (RLIN) 113206
710 2# - ENTRADA AGREGADA--NOMBRE DE ENTIDAD CORPORATIVA
Nombre de entidad corporativa o nombre de jurisdicción como elemento de entrada Universidad Internacional Menéndez Pelayo.
9 (RLIN) 7384
852 ## - LOCALIZACIÓN
Ubicación ES-MaACL
Número de control de estantería 2257-F-15
Holdings
Estatus retirado Estado de pérdida Estado de daño No para préstamo Colección Biblioteca de origen Biblioteca actual Ubicación en estantería Fecha de adquisición Fuente de adquisición Total de préstamos Signatura topográfica completa Código de barras Visto por última vez Precio de reemplazo Tipo de ítem Koha
        Colección de folletos Biblioteca del Ateneo de Madrid Biblioteca del Ateneo de Madrid Depósito folletos 27/08/2010     2257-F-15 1183711 23/02/2023 23/02/2023 Folleto